000 00610nam a2200205Ia 4500
003 GCL
008 140319s9999 xx 000 0 ara d
040 _aGCL /
_cGCL
082 0 4 _a646.2
_bخ ق
100 1 _aخيرالدين الزيلع
245 1 0 _aقواعد تفصيل الخياطة للاطفال /
_cخيرالدين الزيلع
300 _a259 ص
490 _aالهيئة العامة للاستعلامات
_v0
650 0 4 _aالاطفال
650 0 4 _aالملابس
650 0 4 _aالحياكة
650 0 4 _aتفصيل الملابس
650 0 4 _aالخياطة
942 _2ddc
_cBK
999 _c48466
_d48466